000 00565nam a2200193 4500
001 121760
003 ES-MaACL
005 20250728180234.0
007 t|
008 070214s1965 sp r ||||1| cat d
100 1 _aPlé, Albert.
_992639
245 1 0 _aVida afectiva i castedat /
_cAlbert Ple ; traductor Lluis López del Castillo.
250 _a1ª ed.
260 _aBarcelona :
_bEstela,
_c1965.
300 _a245 p. ;
_c18 cm.
700 1 _aLópez del Castillo, Lluís,
_d1938-
_973603
852 _aES-MaACL
_jC-28217
_bR.57571
999 _c121760
_d121760